LEADER 01536oam 2200409zu 450 001 996211382803316 005 20210807003612.0 035 $a(CKB)111026746748686 035 $a(SSID)ssj0000558064 035 $a(PQKBManifestationID)12272945 035 $a(PQKBTitleCode)TC0000558064 035 $a(PQKBWorkID)10556681 035 $a(PQKB)11374696 035 $a(NjHacI)99111026746748686 035 $a(EXLCZ)99111026746748686 100 $a20160829d1989 uy 101 0 $aeng 135 $aur||||||||||| 181 $ctxt 182 $cc 183 $acr 200 00$aComputer Arithmetic, 9th Symposium on, 1989 210 31$a[Place of publication not identified]$cIEEE Computer Society Press$d1989 215 $a1 online resource (247 pages) 300 $aBibliographic Level Mode of Issuance: Monograph 311 $a0-8186-8963-3 330 $aProceedings of a symposium held in Santa Monica, CA, Sept., 1989. Topics include: function generation, division, and square root; adders and convolvers; floating-point arithmetic; number systems; and, optical arithmetic, error detection, and encoding. No subject index. Annotation copyrighted by Book News, Inc., Portland, OR. 606 $aComputer Arithmetic 606 $aComputer arithmetic$vCongresses 615 0$aComputer Arithmetic. 615 0$aComputer arithmetic 676 $a004.0151 801 0$bPQKB 906 $aBOOK 912 $a996211382803316 996 $aComputer Arithmetic, 9th Symposium on, 1989$92533242 997 $aUNISA